000 00514nam a2200205Ia 4500
001 38740
005 20240114002022.0
007 ta
008 070730s g b000 u 465 u
040 _aCotton College,Assam
041 _a465
082 _a940.25
_bR 214 Eu
100 _aRaynen, Robert M .
245 0 _aEuropean History /
_cRobert M Raynen.
_hTextual Documents
653 _aEuropean History
653 _aHistory-Europe
942 _2ddc
_cBK
999 _c38712
_d38712